000 00855nam a2200253Ia 4500
003 OSt
005 20220923221455.0
006 a|||||r|||| 00| 0
007 ta
008 220922b |||||||| |||| 00| 0 hin d
024 _a197,636
037 _cTextual
040 _aARTS
_cARTS
_bhin
041 _2hin
_ahin
082 _aO152,8N32x, N2
100 _aशर्मा, यादवेन्द्र चन्द्र
_9158326
245 0 _aकुर्सी गयब हो गई
246 _aKursī gayab ho gaī
260 _aदिल्ली
_b साहित्य सदन
_c1992
300 _a128पृ.
_ccm.
650 _aहिन्दी साहित्य
_9156264
942 _hO152,8N32x, N2
_cTEXL
_2CC
999 _c349507
_d349507